Control de calidad

Uloženo v:
Podrobná bibliografie
Hlavní autor: González González, Carlos
Médium: Kniha
Vydáno: México: Mc Graw Hill 1991
Tagy: Přidat tag
Žádné tagy, Buďte první, kdo vytvoří štítek k tomuto záznamu!

MARC

LEADER 00000nam a2200000Ia 4500
003 000289
005 20221231144021.0
008 140114s1991 c a 000 ||s d
040 |c cru CEDI 
082 |a 658.562 G643c 
100 |a González González, Carlos  |9 16199 
245 |a Control de calidad 
260 |a México: Mc Graw Hill  |c 1991 
300 |a 323 hojas ; 1 diskette 
942 |2 ddc  |c BK 
999 |c 15655  |d 15655